Twenty One Pilots - Days Lie Dormant (Lyrics) - Statistics

General Stats
  • This quiz has been taken 37 times
  • The average score is 234 of 272
Answer Stats
Answer % Correct
a
100%
I
100%
can't
95%
days
95%
can't
95%
Don't
95%
"Don't
95%
dormant
95%
it
95%
It
95%
It's
95%
just
95%
lie
95%
My
95%
my
95%
say
95%
say,
95%
To
95%
You
95%
you
95%
and
90%
And
90%
everything
90%
got
90%
in
90%
I've
90%
love
90%
make
90%
me
90%
no
90%
the
90%
time
90%
waste
90%
your
90%
city
86%
knows
86%
name
86%
not
86%
one
86%
should
86%
so
86%
you're
86%
afford
81%
But
81%
get
81%
inside
81%
never
81%
place
81%
some
81%
Where
81%
with
81%
'Cause
76%
Something
76%
Yeah-
76%
yeah-
76%
yeah
76%
face
71%
much
71%
Too
71%
too
71%
worry
71%
distorted
67%
else
67%
follow
67%
Frozen
67%
I'll
67%
there"
67%
'bout
62%
feeling
62%
important
62%
less
62%
momentum
62%
though
62%
try
62%
altogether
57%
air
52%
chase
52%
Chico
52%
more
52%
of
52%
Somewhere
52%
warmer
52%
looks
48%
sun
48%
suspended
48%
tight
48%
narrow
43%
Robbed
43%
Topo
43%
No matching quizzes found
Score Distribution
Percent of People with Each Score
Percentile by Number Answered
Your Score History
You have not taken this quiz